The Road to Aztlan (Record no. 136)
[ view plain ]
| 000 -CABECERA | |
|---|---|
| campo de control de longitud fija | 01203nam a2200277 a 4500 |
| 001 - NÚMERO DE CONTROL | |
| campo de control | BRCA_157 |
| 005 - FECHA Y HORA DE LA ÚLTIMA TRANSACCIÓN | |
| campo de control | 20190320202914.0 |
| 008 - DATOS DE LONGITUD FIJA--INFORMACIÓN GENERAL | |
| campo de control de longitud fija | 010118s2001 caua---##b---#001-0#eng-# |
| 020 ## - NÚMERO INTERNACIONAL ESTÁNDAR DEL LIBRO | |
| Número Internacional Estándar del Libro | 0826324274 |
| 040 ## - FUENTE DE LA CATALOGACIÓN | |
| Centro catalogador/agencia de origen | DLC |
| Centro/agencia transcriptor | DLC |
| Centro/agencia modificador | DLC |
| 050 #4 - SIGNATURA TOPOGRÁFICA DE LA BIBLIOTECA DEL CONGRESO | |
| Número de clasificación | F1219.3 |
| Número de documento/Ítem | .F54 2001 |
| 100 1# - ENTRADA PRINCIPAL--NOMBRE DE PERSONA | |
| Nombre de persona | Fields, Virginia M. |
| 9 (RLIN) | 602 |
| 245 10 - MENCIÓN DE TÍTULO | |
| Título | The Road to Aztlan |
| Resto del título | Art from a Mythic Homeland |
| Mención de responsabilidad, etc. | Virginia Fields, Victor Zamudio-Taylor ; with contributions by Michèle Beltran ... [et al.]. |
| 260 ## - PUBLICACIÓN, DISTRIBUCIÓN, ETC. | |
| Lugar de publicación, distribución, etc. | Los Ángeles |
| Nombre del editor, distribuidor, etc. | Los Angeles County Museum of Art |
| Fecha de publicación, distribución, etc. | c2001 |
| 300 ## - DESCRIPCIÓN FÍSICA | |
| Extensión | 424 p. |
| Otras características físicas | il. a color, mapas |
| Dimensiones | 25 cm. |
| 500 ## - NOTA GENERAL | |
| Nota general | Catálogo de la exposición realizada en Los Angeles County Museum of Art, 2001 |
| 504 ## - NOTA DE BIBLIOGRAFÍA, ETC. | |
| Nota de bibliografía, etc. | Bibliografía: p. 400-412 |
| 610 24 - PUNTO DE ACCESO ADICIONAL DE MATERIA--NOMBRE DE ENTIDAD CORPORATIVA | |
| Nombre de entidad corporativa o nombre de jurisdicción como elemento de entrada | Los Angeles County Museum of Art |
| Subdivisión de forma | Exposiciones |
| Subdivisión geográfica | California (Estados Unidos) |
| 9 (RLIN) | 603 |
| 650 14 - PUNTO DE ACCESO ADICIONAL DE MATERIA--TÉRMINO DE MATERIA | |
| Término de materia o nombre geográfico como elemento de entrada | Aztlán |
| Subdivisión de forma | Exposiciones |
| 9 (RLIN) | 604 |
| 650 14 - PUNTO DE ACCESO ADICIONAL DE MATERIA--TÉRMINO DE MATERIA | |
| Término de materia o nombre geográfico como elemento de entrada | Indígenas de México |
| Subdivisión de forma | Exposiciones |
| Subdivisión general | Comercio |
| 9 (RLIN) | 605 |
| 650 14 - PUNTO DE ACCESO ADICIONAL DE MATERIA--TÉRMINO DE MATERIA | |
| Término de materia o nombre geográfico como elemento de entrada | Indígenas de México |
| Subdivisión de forma | Exposiciones |
| Subdivisión general | Migración |
| 9 (RLIN) | 606 |
| 650 14 - PUNTO DE ACCESO ADICIONAL DE MATERIA--TÉRMINO DE MATERIA | |
| Término de materia o nombre geográfico como elemento de entrada | Indígenas de México |
| Subdivisión de forma | Fuentes |
| Subdivisión general | Historia |
| 9 (RLIN) | 607 |
| 650 14 - PUNTO DE ACCESO ADICIONAL DE MATERIA--TÉRMINO DE MATERIA | |
| Término de materia o nombre geográfico como elemento de entrada | Indígenas de América del Norte |
| Subdivisión de forma | Exposiciones |
| Subdivisión general | Comercio |
| Subdivisión geográfica | Nuevo Sudoeste |
| 9 (RLIN) | 608 |
| 700 1# - PUNTO DE ACCESO ADICIONAL--NOMBRE DE PERSONA | |
| Nombre de persona | Zamudio-Taylor, Victor |
| 9 (RLIN) | 609 |
| 942 ## - ELEMENTOS DE PUNTO DE ACCESO ADICIONAL (KOHA) | |
| Fuente del sistema de clasificación o colocación | Library of Congress Classification |
| Tipo de ítem Koha | Libros |
| Estado de retiro | Estado de pérdida | Estado dañado | No para préstamo | Localización permanente | Ubicación/localización actual | Fecha de adquisición | Total de préstamos | Signatura topográfica completa | Código de barras | Fecha visto por última vez | Precio válido a partir de | Tipo de ítem Koha |
|---|---|---|---|---|---|---|---|---|---|---|---|---|
| El ejemplar forma parte de la colección y puede ser consultado según las políticas vigentes. | Biblioteca del Museo Franz Mayer (Rogerio Casas-Alatriste) | Biblioteca del Museo Franz Mayer (Rogerio Casas-Alatriste) | 25/06/2008 | F1219.3 .F54 2001 | 00218 | 22/03/2019 | 22/03/2019 | Libros |